000 00416nam a22001697a 4500
999 _c9027
_d9027
003 GBCCL
005 20241126110703.0
008 180821b ||||| |||| 00| 0 eng d
040 _cgbc
082 _a305.8954054
_bHAN
100 _aHangshing, Muana
_913329
245 _aTuunnu Zogam leh kei/
_cby Muana Hangshing
260 _c2004.
_aAizawl:
_bAuthor,
300 _a84p. ;
505 _aV.2 2019
942 _2ddc
_cBK